[Event "WA Class Championship"]
[Site "Lynnwood, WA"]
[Date "2018.01.17"]
[Round "1"]
[White "Haining, Kyle"]
[Black "Zhang, Brendan"]
[Result "*"]
[WhiteElo "2258"]
[BlackElo "2103"]
[PlyCount "43"]
[SourceDate "2018.01.17"]
[SourceVersionDate "2018.01.17"]

1. g3 d5 2. Bg2 Nf6 3. Nf3 c5 4. O-O Nc6 5. c4 d4 6. d3 g6 7. e3 Bg7 8. exd4
cxd4 9. b4 Nxb4 10. Qa4+ Nc6 11. Ne5 O-O 12. Nxc6 bxc6 13. Re1 Bd7 14. Ba3 Re8
15. Nd2 e5 16. Nb3 c5 17. Qa6 Re6 18. Qb7 e4 19. Bxc5 Rb8 20. Qxa7 Ra8 21. Qb7
Rb8 22. Qa7 *

[Event "WA Class Championship"]
[Site "Lynnwood, WA"]
[Date "????.??.??"]
[Round "1"]
[White "Leblanc, Paul"]
[Black "Seshadri, Sridhar"]
[Result "1-0"]
[WhiteElo "1864"]
[BlackElo "1762"]
[PlyCount "73"]
[SourceDate "2018.01.17"]
[SourceVersionDate "2018.01.17"]

1. d4 Nf6 2. c4 c5 3. d5 d6 4. Qc2 e5 5. e4 g6 6. Be2 a5 7. Nc3 Bd7 8. f4 Na6
9. a3 Nc7 10. Nf3 exf4 11. Bxf4 Nh5 12. Bg5 f6 13. Bd2 Qe7 14. O-O-O b6 15.
Rde1 O-O-O 16. Rhg1 Ng7 17. g4 Kb7 18. g5 f5 19. Bd3 Qf7 20. e5 dxe5 21. Nxe5
Qg8 22. Be2 Bd6 23. Bf3 Be8 24. Nc6 Bxc6 25. dxc6+ Ka6 26. Nd5 Nge6 27. Bc3 Nd4
28. Bxd4 cxd4 29. Qb3 Nxd5 30. Bxd5 Qg7 31. Re6 Qc7 32. Rge1 Bf4+ 33. Kb1 Be3
34. Qb5+ Ka7 35. c5 Rxd5 36. cxb6+ Qxb6 37. Re7+ 1-0

[Event "WA Class Championship"]
[Site "Lynnwood, WA"]
[Date "????.??.??"]
[Round "1"]
[White "Zhang, Eric"]
[Black "Bragg, David"]
[Result "0-1"]
[WhiteElo "2056"]
[BlackElo "2200"]
[PlyCount "100"]
[SourceDate "2018.01.17"]
[SourceVersionDate "2018.01.17"]

1. d4 Nf6 2. c4 c5 3. d5 b5 4. cxb5 a6 5. b6 Qxb6 6. Nc3 Bb7 7. e4 e6 8. Nf3
Be7 9. Ne5 exd5 10. exd5 d6 11. Nc4 Qc7 12. a4 O-O 13. Be2 Nbd7 14. a5 Rfe8 15.
O-O Bf8 16. Bf4 Ne5 17. Nb6 Rad8 18. Rc1 h6 19. b4 Ng6 20. Bg3 cxb4 21. Ne4 Qe7
22. Nxf6+ Qxf6 23. Rc7 Re7 24. Rc4 Qb2 25. Bf3 Qa3 26. Qa1 Qb3 27. Qd4 Ne5 28.
Bxe5 dxe5 29. Qe3 Qxe3 30. fxe3 e4 31. Bxe4 b3 32. Bf3 Rxe3 33. Rc7 Rb8 34. Kf2
Bd6 35. Rxb7 Rxf3+ 36. Kxf3 Rxb7 37. Rb1 Bb4 38. d6 Bxa5 39. d7 Bxb6 40. Rxb3
Rxd7 41. Rxb6 Ra7 42. Ke4 a5 43. Rb2 a4 44. Ra2 a3 45. h3 g6 46. Kd4 Kg7 47.
Ke4 f5+ 48. Ke5 Ra4 49. Kd5 Kf6 50. Kd6 f4 0-1

[Event "WA Class Championship"]
[Site "Lynnwood, WA"]
[Date "????.??.??"]
[Round "1"]
[White "Arganian, David"]
[Black "Petrov, Oscar"]
[Result "1-0"]
[WhiteElo "2011"]
[BlackElo "1902"]
[PlyCount "81"]
[SourceDate "2018.01.17"]
[SourceVersionDate "2018.01.17"]

1. e4 c5 2. Nf3 Nc6 3. d4 cxd4 4. Nxd4 g6 5. c4 Bg7 6. Be3 Nf6 7. Nc3 d6 8. Be2
O-O 9. O-O Nd7 10. Rb1 a5 11. a3 a4 12. Ndb5 Qa5 13. f4 Nc5 14. Qe1 f5 15. e5
Ne6 16. exd6 exd6 17. Rd1 g5 18. g3 gxf4 19. gxf4 Rf6 20. Kh1 Bd7 21. Nxd6 Rg6
22. Rd5 Qc7 23. Ncb5 Qd8 24. Nxf5 Ne7 25. Nxe7+ Qxe7 26. f5 Ng5 27. Bxg5 Rxg5
28. f6 Bxf6 29. Rxd7 Qxd7 30. Rxf6 Qe7 31. Qf2 Qe4+ 32. Rf3 Qb1+ 33. Bf1 Rd8
34. Nc3 Qg6 35. Nd5 Qg7 36. h4 Rg6 37. Bd3 Rh6 38. Rg3 Rxh4+ 39. Kg1 Rg4 40.
Nf6+ Qxf6 41. Rxg4+ 1-0

[Event "WA Class Championship"]
[Site "Lynnwood, WA"]
[Date "????.??.??"]
[Round "1"]
[White "Reeves, Jasen"]
[Black "Christy, Jack"]
[Result "1-0"]
[WhiteElo "1632"]
[BlackElo "1482"]
[PlyCount "45"]
[SourceDate "2018.01.17"]
[SourceVersionDate "2018.01.17"]

1. d4 Nf6 2. c4 e6 3. Nc3 Bb4 4. Qc2 O-O 5. Bg5 d5 6. e3 Nbd7 7. Bd3 h6 8. Bh4
dxc4 9. Bxc4 Be7 10. Nf3 c5 11. dxc5 Nxc5 12. Rd1 Qb6 13. O-O Rd8 14. a3 a5 15.
e4 Kf8 16. Bxf6 Bxf6 17. e5 Rxd1 18. Rxd1 Bd8 19. Qh7 Bd7 20. Rd2 Qa7 21. Ne4
Bc6 22. Nd6 Bxf3 23. Qh8+ 1-0

[Event "WA Class Championship"]
[Site "Lynnwood, WA"]
[Date "????.??.??"]
[Round "1"]
[White "Zhang, Derek"]
[Black "Kalina, Chris"]
[Result "0-1"]
[WhiteElo "2205"]
[BlackElo "2016"]
[PlyCount "60"]
[SourceDate "2018.01.18"]
[SourceVersionDate "2018.01.18"]

1. f4 d5 2. Nf3 c5 3. e3 Nf6 4. b3 e6 5. Bb2 Be7 6. d4 O-O 7. Bd3 Ne4 8. Nbd2
f5 9. Ne5 Nd7 10. Qe2 cxd4 11. exd4 Nxe5 12. dxe5 Bb4 13. Bxe4 fxe4 14. a3 Bc5
15. g3 a5 16. Kd1 Qd7 17. Kc1 b5 18. Kb1 Ba6 19. Qd1 Qc6 20. Ka2 b4 21. a4 Bf2
22. Rc1 d4 23. Qg4 Qd5 24. Rhe1 e3 25. Nf3 Bxe1 26. Rxe1 d3 27. cxd3 Bxd3 28.
Rxe3 Bf5 29. Qg5 Qd1 30. Re1 Qxf3 0-1

[Event "WA Class Championship"]
[Site "Lynnwood, WA"]
[Date "????.??.??"]
[Round "1"]
[White "Baxter, Brent"]
[Black "Sloan, Carl"]
[Result "1-0"]
[WhiteElo "1928"]
[BlackElo "1813"]
[PlyCount "51"]
[SourceDate "2018.01.18"]
[SourceVersionDate "2018.01.18"]

1. e4 e6 2. Nf3 d5 3. Nc3 d4 4. Ne2 c5 5. d3 Nc6 6. g3 e5 7. Bg2 Be7 8. O-O Be6
9. Ne1 g5 10. a3 h5 11. f4 gxf4 12. gxf4 f6 13. f5 Bf7 14. h4 Nh6 15. Rf3 Ng4
16. Bd2 Qd7 17. c3 O-O-O 18. c4 Rdg8 19. Qa4 Kb8 20. b4 Bf8 21. bxc5 Bh6 22.
Bxh6 Rxh6 23. Nc2 Be8 24. Rb1 Rh7 25. Nb4 Qc7 26. Na6+ 1-0

[Event "WA Class Championship"]
[Site "Lynnwood, WA"]
[Date "????.??.??"]
[Round "2"]
[White "Tien, Sophie"]
[Black "Bartron, Paul"]
[Result "1/2-1/2"]
[WhiteElo "1818"]
[BlackElo "2065"]
[PlyCount "66"]
[SourceDate "2018.01.18"]
[SourceVersionDate "2018.01.18"]

1. e4 e5 2. Nf3 Nf6 3. Nxe5 d6 4. Nf3 Nxe4 5. Nc3 Nxc3 6. dxc3 Be7 7. Be3 Nc6
8. Bb5 Bd7 9. Qd2 Ne5 10. Be2 Bc6 11. O-O-O Nxf3 12. Bxf3 Bxf3 13. gxf3 Qd7 14.
Rhg1 Rg8 15. Bd4 f6 16. Qe2 O-O-O 17. Bxa7 Rde8 18. Be3 Qa4 19. Kb1 f5 20. Qd3
g6 21. Rge1 Bf6 22. Bd4 Bg5 23. Be3 Bf6 24. Bd4 Bg5 25. h3 Rxe1 26. Rxe1 Re8
27. Re2 Qd7 28. c4 Rxe2 29. Qxe2 f4 30. b3 b6 31. Qf1 Qf5 32. Qg2 h5 33. Qf1
Bd8 1/2-1/2

[Event "WA Class Championship"]
[Site "Lynnwood, WA"]
[Date "????.??.??"]
[Round "2"]
[White "Varner, Murlin"]
[Black "Li, Melina"]
[Result "0-1"]
[WhiteElo "1549"]
[BlackElo "1586"]
[PlyCount "70"]
[SourceDate "2018.01.18"]
[SourceVersionDate "2018.01.18"]

1. e4 e6 2. d4 d5 3. e5 c5 4. c3 Nc6 5. Nf3 Bd7 6. Be2 Nge7 7. Bg5 cxd4 8. cxd4
Qb6 9. b3 Nf5 10. O-O Ncxd4 11. Nxd4 Nxd4 12. Be3 Nxe2+ 13. Qxe2 d4 14. Nd2
dxe3 15. Nc4 exf2+ 16. Rxf2 Qc7 17. Kh1 Bc5 18. Rff1 Bc6 19. Rad1 Bd5 20. Nd6+
Bxd6 21. exd6 Qxd6 22. Qf2 O-O 23. Rc1 Qb6 24. Qf4 Qa6 25. Rf2 b6 26. h4 Rac8
27. Rcf1 Qd3 28. Kh2 Rc2 29. h5 Rxf2 30. Rxf2 Qe4 31. Qg5 f6 32. Qg3 Qe5 33.
Rf4 Qxh5+ 34. Rh4 Qe5 35. Rf4 g5 0-1

[Event "WA Class Championship"]
[Site "Lynnwood, WA"]
[Date "????.??.??"]
[Round "2"]
[White "He, Anthony"]
[Black "Haining, Kyle"]
[Result "1/2-1/2"]
[WhiteElo "2313"]
[BlackElo "2258"]
[PlyCount "66"]
[SourceDate "2018.01.18"]
[SourceVersionDate "2018.01.18"]

1. e4 g6 2. d4 Bg7 3. Nf3 d6 4. Nc3 Nf6 5. Bc4 O-O 6. O-O Nxe4 7. Nxe4 d5 8.
Bd3 dxe4 9. Bxe4 Nd7 10. c3 c5 11. Bc2 Qc7 12. Qe2 Nf6 13. Re1 Re8 14. Bb3 cxd4
15. cxd4 Bd7 16. Bg5 e6 17. Ne5 Bc6 18. Rac1 Qb6 19. Rxc6 bxc6 20. Qf3 Qd8 21.
Nxc6 Qc7 22. Rc1 Nd5 23. Ne7+ Rxe7 24. Rxc7 Rxc7 25. Bxd5 exd5 26. Qxd5 Re8 27.
h3 h6 28. Be3 Ree7 29. b4 Red7 30. Qa5 Bxd4 31. Bxd4 Rc1+ 32. Kh2 Rxd4 33. b5
Rd7 1/2-1/2

[Event "WA Class Championship"]
[Site "Lynnwood, WA"]
[Date "????.??.??"]
[Round "2"]
[White "Christy, Jack"]
[Black "Li, Albert"]
[Result "0-1"]
[WhiteElo "1482"]
[BlackElo "1466"]
[PlyCount "66"]
[SourceDate "2018.01.19"]
[SourceVersionDate "2018.01.19"]

1. Nf3 d5 2. d4 Nf6 3. e3 Bf5 4. c4 e6 5. Nc3 Bb4 6. Bd2 c6 7. a3 Bxc3 8. bxc3
O-O 9. cxd5 cxd5 10. Be2 Nc6 11. O-O Rc8 12. Be1 Ne4 13. c4 dxc4 14. Bxc4 Nxd4
15. Nxd4 Rxc4 16. Nxf5 exf5 17. Qb3 Rc7 18. Bb4 Re8 19. Rfd1 Qf6 20. Rd4 Rec8
21. g3 Rc2 22. Rad1 Rc1 23. Qd3 a6 24. Kg2 Rxd1 25. Qxd1 h6 26. Qd3 Ng5 27. Rd6
Ne6 28. Qd5 Rc7 29. Rd7 b5 30. Be7 Rxd7 31. Qxd7 Qg6 32. Qc8+ Kh7 33. Qxa6 Nf4+
0-1

[Event "WA Class Championship"]
[Site "Lynnwood, WA"]
[Date "????.??.??"]
[Round "2"]
[White "Bashkansky, Naomi"]
[Black "Arganian, Dave"]
[Result "1-0"]
[WhiteElo "2023"]
[BlackElo "2011"]
[PlyCount "63"]
[SourceDate "2018.01.19"]
[SourceVersionDate "2018.01.19"]

1. d4 Nf6 2. c4 e6 3. Nc3 Bb4 4. e3 b6 5. f3 O-O 6. e4 c5 7. d5 exd5 8. cxd5 d6
9. Nge2 Ne8 10. Ng3 f5 11. Bd3 fxe4 12. Ngxe4 Bf5 13. O-O Bxc3 14. bxc3 Bxe4
15. Bxe4 Nd7 16. c4 Ne5 17. Qc2 Nf6 18. Bf5 b5 19. cxb5 Qb6 20. a4 c4+ 21. Kh1
Qc5 22. Be6+ Kh8 23. Ba3 Qb6 24. Rfd1 Nd3 25. Rd2 Ne4 26. fxe4 Nf2+ 27. Rxf2
Rxf2 28. Qxc4 Raf8 29. Rg1 Rd2 30. Qc1 Qf2 31. Bxd6 Rc2 32. Qe1 1-0

[Event "WA Class Championship"]
[Site "Lynnwood, WA"]
[Date "????.??.??"]
[Round "2"]
[White "Shubin, Daniel"]
[Black "Bishop, Alan"]
[Result "0-1"]
[WhiteElo "1931"]
[BlackElo "2066"]
[PlyCount "83"]
[SourceDate "2018.01.19"]
[SourceVersionDate "2018.01.19"]

1. e4 c5 2. Nf3 d6 3. d4 cxd4 4. Nxd4 Nf6 5. Nc3 a6 6. Nb3 Nc6 7. Be3 e6 8. g4
h6 9. Bg2 Ne5 10. h3 Nc4 11. Qe2 Qc7 12. O-O-O Bd7 13. f4 Rc8 14. Bd2 b5 15. a3
Be7 16. h4 a5 17. Be1 h5 18. g5 Ng4 19. Bf3 b4 20. Bxg4 hxg4 21. axb4 axb4 22.
Nb1 Bb5 23. c3 Ba4 24. Nd4 Bxd1 25. Qxd1 Qb7 26. Qe2 g6 27. Kd1 e5 28. Nc2
Nxb2+ 29. Kc1 exf4 30. cxb4 Nc4 31. Bc3 f3 32. Qd3 Bxg5+ 33. Kd1 Rxh4 34. Rxh4
Bxh4 35. Nba3 Nxa3 36. Nxa3 f2 37. Nc4 Rd8 38. Ne3 Bg5 39. Nxg4 d5 40. Bf6 Ra8
41. Bxg5 Ra1+ 42. Kd2 0-1

[Event "WA Class Championship"]
[Site "Lynnwood, WA"]
[Date "????.??.??"]
[Round "2"]
[White "Bragg, David"]
[Black "Sinanan, Josh"]
[Result "1-0"]
[WhiteElo "2200"]
[BlackElo "2281"]
[PlyCount "115"]
[SourceDate "2018.01.19"]
[SourceVersionDate "2018.01.19"]

1. e4 c5 2. Nf3 e6 3. d4 cxd4 4. Nxd4 Nc6 5. Nc3 Qc7 6. Be2 Nf6 7. Ndb5 Qb8 8.
a4 a6 9. Na3 Bc5 10. O-O O-O 11. Kh1 Bd4 12. Nab1 d5 13. Bd3 Rd8 14. Qe2 h6 15.
f4 dxe4 16. Nxe4 Nxe4 17. Bxe4 Bf6 18. c3 Ne7 19. Nd2 Nd5 20. Nb3 Qc7 21. a5
Bd7 22. c4 Nb4 23. Be3 Rdc8 24. Bc5 Bc6 25. Bxb4 Bxe4 26. Qxe4 Qxc4 27. Qxc4
Rxc4 28. Ba3 Rac8 29. Rac1 Kh7 30. g3 Rc2 31. Rxc2 Rxc2 32. Rc1 Re2 33. Rc7
Bxb2 34. Bxb2 Rxb2 35. Rxb7 h5 36. Rb6 h4 37. gxh4 Kg6 38. f5+ Kh5 39. fxe6
fxe6 40. Nd4 Ra2 41. Rxa6 Kxh4 42. Nxe6 Kh3 43. Kg1 Rg2+ 44. Kf1 Kxh2 45. Ra7
Ra2 46. Nxg7 Kg3 47. a6 Kf3 48. Rf7+ Ke4 49. a7 Kd5 50. Rc7 Kd6 51. Ne8+ Kd5
52. Ke1 Ke6 53. Kd1 Kd5 54. Kc1 Ke6 55. Kb1 Ra5 56. Kb2 Ra4 57. Kb3 Ra1 58. Kb4
1-0

[Event "WA Class Championship"]
[Site "Lynnwood, WA"]
[Date "????.??.??"]
[Round "2"]
[White "Perez, Ignacio"]
[Black "Breckenridge, Steven"]
[Result "0-1"]
[WhiteElo "2200"]
[BlackElo "2406"]
[PlyCount "106"]
[SourceDate "2018.01.20"]
[SourceVersionDate "2018.01.20"]

1. e4 e5 2. Nf3 Nc6 3. Bb5 a6 4. Ba4 Nf6 5. O-O b5 6. Bb3 Bb7 7. Re1 Bc5 8. c3
d6 9. d4 Bb6 10. Bg5 h6 11. Bh4 g5 12. Bg3 O-O 13. a4 Re8 14. h4 g4 15. Nh2 Qd7
16. h5 exd4 17. Bh4 Kg7 18. Bxf6+ Kxf6 19. Nxg4+ Kg7 20. axb5 axb5 21. Rxa8
Bxa8 22. Nd2 dxc3 23. bxc3 Ne5 24. Nxe5 Rxe5 25. Qa1 Qg4 26. Qxa8 Qh4 27. Re3
Rxh5 28. Kf1 Bxe3 29. fxe3 Qg3 30. Ke2 Qxg2+ 31. Kd1 c5 32. Qa7 Qf2 33. Qd7 c4
34. Ba2 Qxe3 35. Qxd6 Qxc3 36. Bb1 b4 37. Qf4 b3 38. e5 Rxe5 39. Qxc4 Qg3 40.
Qxb3 Re1+ 41. Kc2 Qxb3+ 42. Kxb3 h5 43. Kc4 h4 44. Bf5 Kf6 45. Bd7 Re7 46. Bc6
Rc7 47. Kd5 h3 48. Nf3 Kf5 49. Kd6 Rxc6+ 50. Kxc6 Kf4 51. Nh2 Kg3 52. Nf1+ Kf2
53. Nh2 f5 0-1

[Event "WA Class Championship"]
[Site "Lynnwood, WA"]
[Date "????.??.??"]
[Round "1"]
[White "Olson, Travis"]
[Black "Bonrud, Neal"]
[Result "1-0"]
[WhiteElo "1895"]
[BlackElo "1840"]
[PlyCount "85"]
[SourceDate "2018.01.20"]
[SourceVersionDate "2018.01.20"]

1. d4 d5 2. Nf3 Nf6 3. c4 c6 4. Nc3 dxc4 5. a4 Bf5 6. Ne5 Nbd7 7. Nxc4 Qc7 8.
g3 e5 9. dxe5 Nxe5 10. Bf4 Nfd7 11. Bg2 g5 12. Bxe5 Nxe5 13. Qd4 Bg7 14. Nd6+
Kf8 15. Qb4 Qe7 16. Qxb7 Qxb7 17. Nxb7 Rb8 18. Nd6 Be6 19. Nd1 Bb3 20. Nf5 Bd5
21. Bxd5 cxd5 22. Rb1 Rb4 23. b3 Nc4 24. Nde3 Nb6 25. Kd2 Re4 26. Kd3 Re6 27.
Rhc1 Be5 28. a5 d4 29. axb6 dxe3 30. bxa7 Re8 31. Rc5 f6 32. fxe3 Kf7 33. b4
Ra8 34. Ra5 Rhd8+ 35. Nd4 Rd7 36. Rba1 Bd6 37. Kc4 Rc7+ 38. Kb3 Rb7 39. R1a4
Bc7 40. Ra6 Bb6 41. Nb5 Ke7 42. Rxb6 Rxb6 43. Nc7 1-0

[Event "WA Class Championship"]
[Site "Lynnwood, WA"]
[Date "????.??.??"]
[Round "2"]
[White "Holloran, William"]
[Black "Olson, Travis"]
[Result "1-0"]
[WhiteElo "1839"]
[BlackElo "1895"]
[PlyCount "81"]
[SourceDate "2018.01.20"]
[SourceVersionDate "2018.01.20"]

1. d4 Nf6 2. c4 g6 3. Nc3 d5 4. cxd5 Nxd5 5. e4 Nxc3 6. bxc3 Bg7 7. Bc4 c5 8.
Ne2 Nc6 9. Be3 O-O 10. O-O Bg4 11. f3 Na5 12. Bd3 cxd4 13. cxd4 Be6 14. d5 Bxa1
15. Qxa1 f6 16. Bh6 Re8 17. Nf4 Bd7 18. Kh1 Qc7 19. Qe1 b6 20. Ne2 Nc4 21. Bf4
Ne5 22. Qg3 Qd6 23. Nd4 Qa3 24. Bc2 Rac8 25. Bb3 Qd6 26. h4 Kh8 27. Nc2 a5 28.
a4 Rc3 29. Rb1 Rec8 30. Ne3 Qa3 31. Nc2 Qc5 32. Bxe5 Rxb3 33. Rxb3 Qxc2 34.
Rxb6 Qd1+ 35. Kh2 Rc1 36. Bxf6+ exf6 37. Qf2 Qc2 38. Rb8+ Bc8 39. Qb6 Qc7+ 40.
Qxc7 Rxc7 41. d6 1-0

[Event "WA Class Championship"]
[Site "Lynnwood, WA"]
[Date "????.??.??"]
[Round "4"]
[White "Bashkansky, Naomi"]
[Black "Whale, Nicholas"]
[Result "1/2-1/2"]
[WhiteElo "2023"]
[BlackElo "1862"]
[PlyCount "73"]
[SourceDate "2018.01.20"]
[SourceVersionDate "2018.01.20"]

1. d4 Nf6 2. c4 g6 3. Nc3 Bg7 4. e4 d6 5. f3 O-O 6. Be3 e5 7. d5 Nh5 8. Qd2 f5
9. exf5 gxf5 10. O-O-O Nd7 11. Bd3 Nc5 12. Bc2 a5 13. Nge2 Qh4 14. g4 fxg4 15.
fxg4 Bxg4 16. Rhg1 Bxe2 17. Nxe2 Qxc4 18. Bh6 Rf7 19. Rg2 Ne4 20. Qe3 Nef6 21.
Rdg1 Kf8 22. Bxg7+ Nxg7 23. Qh6 Nfe8 24. Kb1 Ke7 25. Rxg7 Nxg7 26. Rxg7 Qxd5
27. Bb3 Qe4+ 28. Kc1 d5 29. Ng3 Qf4+ 30. Qxf4 exf4 31. Rxf7+ Kxf7 32. Bxd5+ Kf6
33. Bxb7 Rb8 34. Nh5+ Ke5 35. Bf3 Kd4 36. Bd1 Rb6 37. Kd2 1/2-1/2

[Event "WA Class Championship"]
[Site "Lynnwood, WA"]
[Date "????.??.??"]
[Round "2"]
[White "Du, Shuhan"]
[Black "Baxter, Brent"]
[Result "0-1"]
[WhiteElo "1840"]
[BlackElo "1928"]
[PlyCount "88"]
[SourceDate "2018.01.20"]
[SourceVersionDate "2018.01.20"]

1. d4 Nf6 2. c4 e6 3. Nf3 b6 4. g3 Bb4+ 5. Bd2 Qe7 6. a3 Bxd2+ 7. Qxd2 Bb7 8.
Nc3 O-O 9. Bg2 d6 10. O-O Nbd7 11. Rfe1 Ne4 12. Nxe4 Bxe4 13. Rac1 Rad8 14. b4
c5 15. Red1 e5 16. d5 f5 17. Ng5 Bxg2 18. Kxg2 Rf6 19. Ne6 Rc8 20. e3 e4 21.
bxc5 Nxc5 22. Nxc5 Rxc5 23. Qe2 Qc7 24. f3 exf3+ 25. Kxf3 Qe7 26. Rd4 Rf8 27.
Kg2 Re8 28. Re1 Qe5 29. Qf2 Rxc4 30. Rxc4 Qxd5+ 31. Kg1 Qxc4 32. Qxf5 Qc5 33.
Qd3 d5 34. Kh1 Qc4 35. Qd2 Qe4+ 36. Kg1 d4 37. Kf2 dxe3+ 38. Rxe3 Qxe3+ 39.
Qxe3 Rxe3 40. Kxe3 Kf7 41. h4 Ke6 42. Ke4 Kd6 43. Kd4 a6 44. h5 b5 0-1

[Event "WA Class Championship"]
[Site "Lynnwood, WA"]
[Date "????.??.??"]
[Round "2"]
[White "Anthony, Ralph"]
[Black "Lumala, Tendo"]
[Result "1-0"]
[WhiteElo "1679"]
[BlackElo "1491"]
[PlyCount "52"]
[SourceDate "2018.01.20"]
[SourceVersionDate "2018.01.20"]

1. e4 c5 2. Nf3 d6 3. d4 cxd4 4. Nxd4 Nf6 5. f3 g6 6. c4 Nc6 7. Nc3 Bg7 8. Be3
O-O 9. Be2 Bd7 10. Qd2 Rc8 11. O-O Ne5 12. b3 a6 13. Rac1 Ne8 14. Rfd1 Nc7 15.
Kh1 Ne6 16. Nd5 Nc6 17. Nc2 Nc5 18. Bxc5 dxc5 19. Nxe7+ Qxe7 20. Qxd7 Qh4 21.
g3 Qh5 22. Rd5 Qh6 23. Rcd1 Na5 24. f4 Bc3 25. Kg2 Qg7 26. e5 Kh8 1-0